Statistics for Places with the Most Icelanders

Click here to take the quiz!

General Stats

  • This quiz has been taken 364 times
  • The average score is 12 of 16

Answer Stats

PopulationCountry% Correct
4,992United States
98%
8,199Denmark
97%
7,839Norway
97%
5,204Sweden
97%
2,071United Kingdom
95%
786Canada
94%
295,672Iceland
94%
1,819Germany
91%
1,304Spain
86%
501Italy
74%
528Poland
73%
450Netherlands
72%
674Australia
66%
407Switzerland
56%
489Brazil
41%
690Malaysia
5%

Score Distribution

Percentile by Number Answered

Percent of People with Each Score

Your Score History

You have not taken this quiz